000
00447nam a22001217a 4500
040
_c
SY
082
_a
306
100
_a
NA
245
_a
កម្រងលិខិតបទដ្ឋានគតិយុត្តិពាក់ព័ន្ធនឹងសហគមន៍នេសាទនៅព្រះរាជាណាចក្រកម្ពុជា
260
_a
រដ្ឋបាលជលផល
_b
NA
_c
2008
300
_a
82p.
942
_c
KB
999
_c
9694
_d
9694